[Event "Khanty-Mansiysk Governor Cup Rapid 20th"]
[Site "Khanty-Mansiysk"]
[Date "2024.11.25"]
[Round "11"]
[White "Plekhanova, Ekaterina"]
[Black "Sabirov, Timur"]
[Result "0-1"]
[WhiteElo "1869"]
[BlackElo "2092"]
[PlyCount "90"]
[EventDate "2024.11.23"]
[EventType "swiss (rapid)"]
[EventRounds "11"]
[EventCountry "RUS"]
[SourceTitle "CB48_2024"]
[SourceDate "2024.11.28"]
[SourceVersion "1"]
[SourceVersionDate "2024.11.28"]
[SourceQuality "1"]

1. Nf3 Nf6 2. g3 b5 3. Bg2 Bb7 4. 0-0 e6 5. d3 c5 6. a4 a6 7. axb5 axb5 8. Rxa8 Bxa8 9. e4 d6 10. Na3 Qb6 11. Be3 Nbd7 12. Ne1 Be7 13. f4 0-0 14. g4 d5 15. e5 Ne8 16. c3 Nc7 17. d4 f6 18. Nac2 b4 19. cxb4 cxb4 20. b3 Nb5 21. Nd3 Nc3 22. Qe1 Bb7 23. Rf3 Ba6 24. Nc1 Rc8 25. Na1 Qa5 26. Nc2 Ne4 27. Qd1 Qc7 28. Ne1 fxe5 29. fxe5 Bg5 30. Ncd3 Bxe3+ 31. Rxe3 Qb6 32. Nf4 Nc3 33. Qd2 Rf8 34. Nh3 Ne2+ 35. Rxe2 Bxe2 36. Qxe2 Qxd4+ 37. Kh1 Nxe5 38. Nf3 Qxg4 39. Qxe5 Rxf3 40. Qb8+ Rf8 41. Qb6 h6 42. Ng1 Rf6 43. h3 Qf4 44. Nf3 Kh7 45. Qd8 Qg3 0-1

[Event "Khanty-Mansiysk Governor Cup Rapid 20th"]
[Site "Khanty-Mansiysk"]
[Date "2024.11.23"]
[Round "3"]
[White "Pavlov, Danila"]
[Black "Plekhanova, Ekaterina"]
[Result "1-0"]
[WhiteElo "2348"]
[BlackElo "1869"]
[PlyCount "67"]
[EventDate "2024.11.23"]
[EventType "swiss (rapid)"]
[EventRounds "11"]
[EventCountry "RUS"]
[SourceTitle "CB48_2024"]
[SourceDate "2024.11.28"]
[SourceVersion "1"]
[SourceVersionDate "2024.11.28"]
[SourceQuality "1"]

1. e4 e5 2. Nf3 Nc6 3. Bb5 a6 4. Bxc6 dxc6 5. 0-0 Bd6 6. d4 exd4 7. Qxd4 f6 8. Nbd2 Qe7 9. Re1 Bc5 10. Qd3 Bd7 11. e5 0-0-0 12. exf6 Qxf6 13. Ne4 Qf8 14. Nxc5 Qxc5 15. Be3 Qd5 16. Qxd5 cxd5 17. Bg5 Rf8 18. Re5 c6 19. Rae1 Nf6 20. Re7 g6 21. Ne5 Bf5 22. Nf7 Ne4 23. Bf4 Rhg8 24. f3 Rxf7 25. Rxf7 Nc5 26. Rc7+ Kd8 27. Rxh7 Bxc2 28. Bd6 Nd7 29. Ree7 Nf6 30. Rhf7 Ne8 31. Bc5 Kc8 32. Rxb7 Bf5 33. Ba7 Bd7 34. Rf5 1-0

[Event "Ural-ch (Women)"]
[Site "Cheliabinsk"]
[Date "2022.03.21"]
[Round "6"]
[White "Volchkova, Alena"]
[Black "Plekhanova, Ekaterina"]
[Result "1/2-1/2"]
[WhiteElo "1729"]
[BlackElo "1720"]
[PlyCount "62"]
[EventDate "2022.03.16"]
[EventType "swiss"]
[EventRounds "9"]
[EventCountry "RUS"]
[SourceTitle "EXT 2023"]
[Source "ChessBase"]
[SourceDate "2022.10.05"]
[SourceVersion "1"]
[SourceVersionDate "2022.10.05"]
[SourceQuality "1"]

1. e4 e5 2. Nf3 Nc6 3. Bb5 a6 4. Ba4 Nf6 5. 0-0 Be7 6. Re1 b5 7. Bb3 d6 8. h3 0-0 9. c3 Nb8 10. d4 Nbd7 11. c4 c6 12. Nc3 Bb7 13. a3 h6 14. cxb5 axb5 15. Ba2 c5 16. dxe5 dxe5 17. Nd5 c4 18. b3 Nxd5 19. exd5 Qc7 20. bxc4 bxc4 21. Bb1 Ra5 22. Be4 Bd6 23. Qc2 Nf6 24. Bd2 Rxa3 25. Rxa3 Bxa3 26. Nxe5 Nxe4 27. Qxe4 c3 28. Bf4 Qa5 29. Nc4 Qa8 30. Nxa3 Qxa3 31. Qd4 Bc8 1/2-1/2

[Event "Satka Autumn op (Women)"]
[Site "Satka"]
[Date "2021.09.08"]
[Round "9"]
[White "Plekhanova, Ekaterina"]
[Black "Telelyukhina, Elizaveta"]
[Result "0-1"]
[WhiteElo "1823"]
[BlackElo "1518"]
[PlyCount "70"]
[EventDate "2021.08.31"]
[EventType "swiss"]
[EventRounds "9"]
[EventCountry "RUS"]
[SourceTitle "CBM 204 Extra"]
[Source "ChessBase"]
[SourceDate "2021.11.30"]
[SourceVersion "1"]
[SourceVersionDate "2021.11.30"]
[SourceQuality "1"]

1. e4 c5 2. Nf3 Nc6 3. d4 cxd4 4. Nxd4 e6 5. Nc3 a6 6. Be2 Qc7 7. 0-0 Nf6 8. f4 Nxd4 9. e5 Nxe2+ 10. Qxe2 Nd5 11. Nxd5 exd5 12. f5 b6 13. Bf4 Qc6 14. Rae1 Bc5+ 15. Kh1 a5 16. Qg4 g6 17. Bg5 gxf5 18. Rxf5 Qg6 19. Rf6 Qg7 20. Qh5 Be7 21. Bh6 Qg8 22. Rxb6 Kd8 23. Qf3 Kc7 24. Qxd5 Kxb6 25. Be3+ Kc7 26. Qxa8 Bb7 27. Qxa5+ Kc8 28. Qd2 Qg4 29. Bb6 Rg8 30. Rg1 Bb4 31. Qf2 Bc6 32. a3 Be1 33. Rxe1 Qxg2+ 34. Qxg2 Rxg2 35. Ba5 Rg6+ 0-1

[Event "Eurasia Cup op"]
[Site "Ekaterinburg"]
[Date "2019.08.06"]
[Round "6"]
[White "Vasiliev, Maxim"]
[Black "Plekhanova, Ekaterina"]
[Result "0-1"]
[WhiteElo "1944"]
[BlackElo "1770"]
[PlyCount "59"]
[EventDate "2019.07.31"]
[EventType "swiss"]
[EventRounds "9"]
[EventCountry "RUS"]
[SourceTitle "CBM 191 Extra"]
[Source "ChessBase"]
[SourceDate "2019.09.30"]
[SourceVersion "1"]
[SourceVersionDate "2019.09.30"]
[SourceQuality "1"]

1. e4 e5 2. Nc3 Nf6 3. Bc4 Nxe4 4. Qh5 Nd6 5. Qxe5+ Qe7 6. Qxe7+ Bxe7 7. Bb3 0-0 8. Nf3 c6 9. d4 Nf5 10. d5 Na6 11. 0-0 Nc5 12. Re1 Bf6 13. Ne4 Nxe4 14. Rxe4 d6 15. c3 h6 16. Bf4 Rd8 17. Rae1 Kf8 18. Rd1 c5 19. a4 Ne7 20. Nd2 Bf5 21. Ree1 b6 22. Nc4 Nc8 23. h3 a6 24. Ra1 Rb8 25. Nd2 g5 26. Bg3 Rb7 27. Ne4 Bg7 28. Nd2 b5 29. axb5 axb5 30. Ra6 0-1

[Event "Eurasia Cup op"]
[Site "Ekaterinburg"]
[Date "2019.08.05"]
[Round "5"]
[White "Plekhanova, Ekaterina"]
[Black "Trukhin, Dmitry"]
[Result "0-1"]
[WhiteElo "1770"]
[BlackElo "1976"]
[PlyCount "114"]
[EventDate "2019.07.31"]
[EventType "swiss"]
[EventRounds "9"]
[EventCountry "RUS"]
[SourceTitle "CBM 191 Extra"]
[Source "ChessBase"]
[SourceDate "2019.09.30"]
[SourceVersion "1"]
[SourceVersionDate "2019.09.30"]
[SourceQuality "1"]

1. e4 c5 2. Nf3 d6 3. d4 cxd4 4. Nxd4 Nf6 5. Nc3 a6 6. Be2 e5 7. Nb3 Be6 8. Bf3 Be7 9. 0-0 0-0 10. Re1 b5 11. Nd2 Nbd7 12. Nf1 b4 13. Nd5 Bxd5 14. exd5 Nc5 15. Ne3 e4 16. Be2 Nfd7 17. f4 f5 18. a3 a5 19. Bd2 Rb8 20. axb4 axb4 21. Bf1 Bf6 22. Bc1 g6 23. Kh1 Bg7 24. Bc4 Qf6 25. Qe2 Ra8 26. Rb1 Rfb8 27. Bb5 Ra5 28. Bc4 Kh8 29. b3 Ra2 30. Bd2 Qd8 31. Rg1 h5 32. h3 Qh4 33. Rbf1 Qf6 34. Qe1 Kh7 35. Bxb4 Qe7 36. Bc3 Nb6 37. Be2 Rh8 38. Qd2 Nxb3 39. Qe1 Nd4 40. Bd1 Na4 41. Bb4 Ra1 42. Qd2 Nb5 43. c4 Nbc3 44. Bxa4 Rxf1 45. Rxf1 Nxa4 46. Rc1 Rb8 47. Rc2 Nc5 48. Bc3 Nd3 49. Ra2 Kh6 50. Kh2 Rb3 51. Bxg7+ Qxg7 52. g3 Qd4 53. Ng2 Rb1 54. Ne3 Re1 55. Ra6 Rxe3 56. Rxd6 Re1 57. Qg2 Qe3 0-1

[Event "Eurasia Cup op"]
[Site "Ekaterinburg"]
[Date "2019.08.03"]
[Round "4"]
[White "Kuklin, Ivan Vl"]
[Black "Plekhanova, Ekaterina"]
[Result "0-1"]
[WhiteElo "1356"]
[BlackElo "1770"]
[PlyCount "51"]
[EventDate "2019.07.31"]
[EventType "swiss"]
[EventRounds "9"]
[EventCountry "RUS"]
[SourceTitle "CBM 191 Extra"]
[Source "ChessBase"]
[SourceDate "2019.09.30"]
[SourceVersion "1"]
[SourceVersionDate "2019.09.30"]
[SourceQuality "1"]

1. d4 Nf6 2. c4 g6 3. Nc3 Bg7 4. e4 d6 5. Nf3 0-0 6. Be2 e5 7. h3 Nc6 8. d5 Ne7 9. Bg5 h6 10. Be3 Nd7 11. Qd2 Kh7 12. g4 f5 13. gxf5 gxf5 14. exf5 Nxf5 15. Ne4 Nxe3 16. Qxe3 Nf6 17. Ng3 Kg8 18. 0-0-0 b5 19. cxb5 a6 20. Rhg1 Rf7 21. Bd3 e4 22. Nxe4 Nxe4 23. Qxe4 Qf6 24. Nd4 axb5 25. Qe8+ Rf8 26. Qxb5 0-1